000 01418cam a2200325 a 4500
001 14615079
005 20230202140804.0
008 061030s2006 enk 001 0 eng c
010 _a 2006298794
020 _a9781850439851
020 _a1850439850
035 _a(OCoLC)ocm71212022
040 _aZCU
_cZCU
_dZCU
_dBAKER
_dYDXCP
_dDLC
042 _apcc
050 0 0 _aCB428
_b.B68 2006
082 _a951.06,BOO
100 1 _aBoot, Alexander.
_9108537
245 1 0 _aHow the west was lost /
_cAlexander Boot ; with a foreword by Theodore Dalrymple.
260 _aLondon ;
_aNew York :
_bI.B. Tauris ;
_aNew York :
_bDistributed in the United States by St. Martin's Press,
_c2006.
300 _axvi, 351 p. ;
_c24 cm.
505 _aPart 1: Exposition (Page-1), Part 2: Development (Page-67), Part 3: Recapitulation (Page-145), Part 4: Coda (Page-287).
650 0 _aCivilization, Western
_xPhilosophy.
_9108538
650 0 _aCivilization, Modern
_xPhilosophy.
_9108539
651 0 _aCulture
_xPhilosophy.
_9108540
856 4 2 _3Contributor biographical information
_uhttp://www.loc.gov/catdir/enhancements/fy0703/2006298794-b.html
856 4 2 _3Publisher description
_uhttp://www.loc.gov/catdir/enhancements/fy0703/2006298794-d.html
856 4 1 _3Table of contents only
_uhttp://www.loc.gov/catdir/enhancements/fy0703/2006298794-t.html
906 _a7
_bcbc
_cpccadap
_d2
_encip
_f20
_gy-gencatlg
942 _2ddc
_cBK
999 _c593130
_d593130